000
00289nam a2200109Ia 4500
008
171211s9999 xx 000 0 und d
245
_a
Ask a Midwife
245
_c
Catherine Parker-Littler
260
_c
2008
650
_x
HEALTH
856
_u
http://down.ebook777.com/014/978-0756636876.pdf
999
_c
348404
_d
348404